000 00791 a2200217 4500
008 080820t xxu||||| |||| 00| 0 eng d
010 _aENG-84790
020 _a8183821081
_c450.00
035 _aEN-68323
037 _bD.B.Act / Pub
082 _a921
100 _aArya, Manwati
245 _aPatriot
_cby Manwati Arya
_bthe unique Indian leader
260 _aNew Delhi
_bLotus Press
_c2007
270 _a4263/3, Ansari Road, Darya Ganj,
_bNew Delhi
_cDelhi
_e110002
_k32903912, 23290047
_mlotus_press@sify.com
300 _a228 p.
_c21 cm (Hb)
650 _aBiography
700 _aBose, Subhash Chandra
942 _adpl
_cEN
_k921 / BOS
_2ddc
_h921
_mBOS
999 _c408
_d408